000 00535nam a2200193Ia 4500
005 20250508150645.0
008 008 250505s9999 xx 000 0 eng d
037 _aTextual
040 _aFEDL
_beng
_cFEDL
041 _aeng
_2eng
084 _a371.2, MOO
_qFEDL
100 _aMoody George F
_9756461
245 0 _aTeacher manages the class
260 _aMinneapolis
_bBurgess Publishing Co.
_c1948
300 _aiv,93p
650 _aSchool Administration
942 _cTEXL
_h371.2, MOO
999 _c1324854
_d1324854